00544nam a2200181Ii 45000010005000000030009000050080041000140400033000550410008000880820013000961000022001092450100001312640038002313000012002693360026002813370028003073380027003353181CO-ViMGA241108s9999||||xx |||||||||||||| ||und|| aCO-ViMGAbspaerdacCO-ViMGA0 aspa04a250 R4741 aHumberto Restrepo10aLa Religión de la Antigua Antioquia (Estudio teológico- pastoral sobre Tomás Carrasquilla 1aBogotá, Colombia : Bedout, 1972 avolumen atextbtxt2rdacontent aunmediatedbn2rdamedia avolumebnc2rdacarrier